000 00330nam a2200133Ia 4500
008 190216s9999||||xx |||||||||||||| ||und||
100 _aAlan C Shapiro
245 0 _aMultinational Financial Management
250 _a6th Ed.
260 _bPrentice Hall Of India Pvt Ltd
_c2002
300 _a731p
650 _aCommerce
942 _cBK
999 _c6224
_d6224